LEADER 01580nam a2200313 i 4500 001 000000143306 003 CaOOAMICUS 005 20211014124915.0 008 080228s2005 be u000 u fre u 013 $a118664 020 $a2-503-51739-0 040 $aSeMil$bita 245 03$aLa cuisine et l'autel :$bles sacrifices en question dans les sociétés de la méditerranée ancienne /$csous la direction de Stella Georgoudi, Renée Koch Piettre et Francis Schmidt. 264 1$aTurnhout :$bBrepols,$c2005. 300 $aXVII, 460 p. ;$c24 cm. 490 1 $aBibliothèque de l'École des hautes études. Sciences religieuses ;$v124 650 4$aSacrifici - Religioni comparate.$0(OLS)http://semarc/subject/1570 650 4$aAlimentazione - Aspetti religiosi.$0(OLS)http://semarc/subject/28081 700 1 $aGeorgoudi, Stella.$0(OLS)http://semarc/name/57482 700 1 $aSchmidt, Francis.$0(OLS)http://semarc/name/57484 700 1 $aKoch Piettre, Renée.$0(OLS)http://semarc/name/57483 830 0$aBibliothèque de l'École des hautes études. Sciences religieuses ;$v124.$0(OLS)http://semarc/title/20486 850 $aSeMil 852 $aSeMil$W1$xVenegono$y1$m2R V 35$j96420$B96420$CSeMilBibl$Z2$F107136 $81 961 $aAcquisto: Brepols 996 $6020$a2-503-51739-0$9(OLS)http://semarc/number/131736 996 $6245$aLa cuisine et l'autel :$bles sacrifices en question dans les sociétés de la méditerranée ancienne$9(OLS)http://semarc/title/209749 996 $6264$aTurnhout :$bBrepols$9(OLS)http://semarc/publisher/29626 LEADER 01330nam a2200265 i 4500 001 000000103186 003 CaOOAMICUS 005 20010919000000.0 008 010919s1972 it u000 u ita u 013 $a75352 040 $aSeMil$bita 245 10$aDalla morte di Teodosio all'avvento di S. Gregorio Magno (395-590) /$cdi P. De Labriolle ... [et al.]. 260 $aTorino :$bS.A.I.E.,$c1972. 300 $a870 p., [24] p. di tav. 500 $aTitolo originale : De la mort de Théodose à l'avènement de Grégoire le Grand (395-590). - Contiene : In Appendici all'ed. italiana : Prospetto sinottico dei Papi e degli imperatori. 650 4$aChiesa - Storia - Alto Medioevo.$0(OLS)http://semarc/subject/6095 700 1 $aCapizzi, Carmelo,$c.$0(OLS)http://semarc/name/24425 700 1 $aLabriolle, Pierre Champagne : de,$c<1874-1940 >.$0(OLS)http://semarc/name/115092 773 0 $tStoria della Chiesa.$g4$w()137 850 $aSeMil 852 $aSeMil$W1$xVenegono$y1$mSL1.F VII 4$j59647$B59647$CSeMilBibl$Z2$F44137 $8I 900 1 $aLabriolle, Pierre-Henri-Marie Champagne : de. 996 $6245$aDalla morte di Teodosio all'avvento di S. Gregorio Magno (395-590)$9(OLS)http://semarc/title/149941 996 $6260$aTorino :$bS.A.I.E.$9(OLS)http://semarc/publisher/30038